|
|
|
|
| LEADER |
01000caa a22002652c 4500 |
| 001 |
190858212X |
| 003 |
DE-627 |
| 005 |
20241119042625.0 |
| 007 |
tu |
| 008 |
241112s1971 xx ||||| 00| ||und c |
| 035 |
|
|
|a (DE-627)190858212X
|
| 035 |
|
|
|a (DE-599)KXP190858212X
|
| 040 |
|
|
|a DE-627
|b ger
|c DE-627
|e rakwb
|
| 041 |
|
|
|a und
|
| 100 |
1 |
|
|a Kluxen, Kurt
|e verfasserin
|4 aut
|
| 245 |
1 |
4 |
|a Der englische Adel im 18. Jahrhundert
|
| 264 |
|
1 |
|c 1971
|
| 336 |
|
|
|a Text
|b txt
|2 rdacontent
|
| 337 |
|
|
|a ohne Hilfsmittel zu benutzen
|b n
|2 rdamedia
|
| 338 |
|
|
|a Band
|b nc
|2 rdacarrier
|
| 773 |
0 |
8 |
|i In
|t Der Adel vor der Revolution
|d Göttingen : Vandenhoeck & Ruprecht, 1971
|g (1971), Seite 9-28
|h 95 S.
|w (DE-627)11548826X
|w (DE-576)9115488268
|z 3525333137
|7 nnam
|
| 773 |
1 |
8 |
|g year:1971
|g pages:9-28
|
| 912 |
|
|
|a GBV_USEFLAG_U
|
| 912 |
|
|
|a GBV_ILN_1121
|
| 912 |
|
|
|a ISIL_DE-Ma25
|
| 912 |
|
|
|a SYSFLAG_1
|
| 912 |
|
|
|a GBV_KXP
|
| 912 |
|
|
|a GBV_ILN_11
|
| 912 |
|
|
|a GBV_ILN_20
|
| 912 |
|
|
|a GBV_ILN_21
|
| 912 |
|
|
|a GBV_ILN_22
|
| 912 |
|
|
|a GBV_ILN_24
|
| 912 |
|
|
|a GBV_ILN_26
|
| 912 |
|
|
|a GBV_ILN_31
|
| 912 |
|
|
|a GBV_ILN_39
|
| 912 |
|
|
|a GBV_ILN_40
|
| 912 |
|
|
|a GBV_ILN_50
|
| 912 |
|
|
|a GBV_ILN_60
|
| 912 |
|
|
|a GBV_ILN_61
|
| 912 |
|
|
|a GBV_ILN_62
|
| 912 |
|
|
|a GBV_ILN_65
|
| 912 |
|
|
|a GBV_ILN_70
|
| 912 |
|
|
|a GBV_ILN_72
|
| 912 |
|
|
|a GBV_ILN_90
|
| 912 |
|
|
|a GBV_ILN_92
|
| 912 |
|
|
|a GBV_ILN_100
|
| 912 |
|
|
|a GBV_ILN_110
|
| 912 |
|
|
|a GBV_ILN_120
|
| 912 |
|
|
|a GBV_ILN_121
|
| 912 |
|
|
|a GBV_ILN_123
|
| 912 |
|
|
|a GBV_ILN_130
|
| 912 |
|
|
|a GBV_ILN_131
|
| 912 |
|
|
|a GBV_ILN_176
|
| 912 |
|
|
|a GBV_ILN_217
|
| 912 |
|
|
|a GBV_ILN_227
|
| 912 |
|
|
|a GBV_ILN_244
|
| 912 |
|
|
|a GBV_ILN_285
|
| 912 |
|
|
|a GBV_ILN_350
|
| 912 |
|
|
|a GBV_ILN_655
|
| 912 |
|
|
|a GBV_ILN_665
|
| 912 |
|
|
|a GBV_ILN_697
|
| 912 |
|
|
|a GBV_ILN_723
|
| 912 |
|
|
|a GBV_ILN_754
|
| 912 |
|
|
|a GBV_ILN_2579
|
| 951 |
|
|
|a AR
|
| 952 |
|
|
|j 1971
|h 9-28
|
| 980 |
|
|
|2 1121
|1 01
|x 4121/002
|b 4614868479
|c 00
|f LADE
|d 08/116
|e i
|j --%%--
|y n
|z 09-11-24
|